[Event "Bad Zwischenahn op 1st"]
[Site "Bad Zwischenahn"]
[Date "2004.??.??"]
[Round "2"]
[White "Makoui, Mazeyar"]
[Black "Rulfs, Ernst August"]
[Result "1-0"]
[WhiteElo "1638"]
[BlackElo "1386"]
[PlyCount "63"]
[EventDate "2004.07.30"]
[EventType "swiss"]
[EventRounds "9"]
[EventCountry "GER"]
[SourceTitle "EXT 2006"]
[Source "ChessBase"]
[SourceDate "2005.11.24"]
[SourceVersion "1"]
[SourceVersionDate "2005.11.24"]
[SourceQuality "1"]

1. Nf3 Nf6 2. g3 e6 3. Bg2 d5 4. d4 c5 5. c4 Bd7 6. 0-0 Bc6 7. Ne5 Nbd7 8. Nxc6 bxc6 9. Nc3 Be7 10. Bf4 Qb6 11. Na4 Qa5 12. dxc5 Nxc5 13. Nc3 Qb6 14. Na4 Nxa4 15. Qxa4 0-0 16. Qc2 a5 17. Rfc1 Ng4 18. c5 Qd8 19. Qa4 Qd7 20. Bd2 Qc7 21. Qxg4 Qa7 22. Bc3 g6 23. Qd4 f6 24. Be1 e5 25. Qc3 Rab8 26. e4 d4 27. Qc4+ Kg7 28. b4 axb4 29. Bxb4 d3 30. a3 Rb5 31. Qe6 Rb7 32. Bf1 1-0

[Event "Hannover-ch op"]
[Site "Hannover"]
[Date "2003.10.25"]
[Round "5"]
[White "Makoui, Mazeyar"]
[Black "Eike, Detlef"]
[Result "0-1"]
[WhiteElo "1629"]
[BlackElo "1949"]
[PlyCount "92"]
[EventDate "2003.10.23"]
[EventType "swiss"]
[EventRounds "7"]
[EventCountry "GER"]
[SourceTitle "EXT 2021"]
[Source "ChessBase"]
[SourceDate "2020.10.23"]
[SourceVersion "1"]
[SourceVersionDate "2020.10.23"]
[SourceQuality "1"]

1. Nf3 d5 2. d4 Nf6 3. g3 Bg4 4. Bg2 e6 5. 0-0 Be7 6. c4 c6 7. Qb3 Qb6 8. Qc2 0-0 9. c5 Qd8 10. Nc3 Nbd7 11. Bf4 Re8 12. b4 Bf8 13. Ne5 Bf5 14. e4 dxe4 15. Nxe4 Nxe4 16. Bxe4 Bxe4 17. Qxe4 Nf6 18. Qd3 Nd5 19. Bd2 Qc7 20. a3 Red8 21. Be3 Nxb4 22. axb4 Qxe5 23. Rfc1 Qd5 24. Qc3 a6 25. Rd1 Rd7 26. Qd3 Rad8 27. Rd2 Be7 28. Rad1 Bf6 29. Qc3 Qe4 30. Rd3 Rd5 31. Re1 Qg4 32. Qc2 Bxd4 33. Bxd4 Rxd4 34. Red1 e5 35. f3 Qd7 36. Rxd4 exd4 37. Qd3 g6 38. Kf2 Qh3 39. Rh1 Qe6 40. Re1 Qa2+ 41. Kg1 Qb2 42. Rb1 Qc3 43. Qe4 d3 44. Qe3 Qc2 45. Ra1 d2 46. Qe7 d1Q+ 0-1

[Event "Hannover-ch op"]
[Site "Hannover"]
[Date "2003.10.24"]
[Round "3"]
[White "Makoui, Mazeyar"]
[Black "Stummeyer, Dieter"]
[Result "1-0"]
[WhiteElo "1629"]
[BlackElo "1893"]
[PlyCount "115"]
[EventDate "2003.10.23"]
[EventType "swiss"]
[EventRounds "7"]
[EventCountry "GER"]
[SourceTitle "EXT 2021"]
[Source "ChessBase"]
[SourceDate "2020.10.23"]
[SourceVersion "1"]
[SourceVersionDate "2020.10.23"]
[SourceQuality "1"]

1. Nf3 Nf6 2. g3 d5 3. d4 Bf5 4. c4 e6 5. Bg2 Bb4+ 6. Nc3 c5 7. 0-0 Nc6 8. a3 Bxc3 9. bxc3 Qa5 10. Qb3 Qb6 11. Qb5 dxc4 12. Qxc4 0-0 13. dxc5 Qa5 14. Nd4 Bg6 15. Nxc6 bxc6 16. Bxc6 Rac8 17. Bb5 a6 18. Bxa6 Rxc5 19. Qb4 Qc7 20. c4 Rb8 21. Bb5 Nd5 22. Qb3 Qe5 23. Be3 Nxe3 24. Qxe3 Qxe3 25. fxe3 Re5 26. Kf2 Be4 27. a4 Rf5+ 28. Kg1 Rd8 29. Rxf5 Bxf5 30. c5 Rd2 31. c6 Rc2 32. Rd1 Kf8 33. Rd8+ Ke7 34. Rd7+ Kf6 35. Kf2 e5 36. Ra7 e4 37. c7 Bh3 38. Ra6+ Ke5 39. Rc6 Rxc6 40. Bxc6 Kd6 41. Bxe4 Kxc7 42. Bxh7 g6 43. Kf3 Be6 44. Kf4 Kd6 45. h4 Bc4 46. h5 gxh5 47. Bd3 Be6 48. a5 Kc7 49. Kg5 Bg4 50. Bc4 Kb7 51. Bxf7 Bxe2 52. Bxh5 Bb5 53. e4 Ka6 54. e5 Kxa5 55. e6 Kb6 56. e7 Kc7 57. Kf6 Kd6 58. g4 1-0

[Event "Hannover-ch op"]
[Site "Hannover"]
[Date "2003.10.24"]
[Round "4"]
[White "McAdam, Mark"]
[Black "Makoui, Mazeyar"]
[Result "1/2-1/2"]
[WhiteElo "1899"]
[BlackElo "1629"]
[PlyCount "38"]
[EventDate "2003.10.23"]
[EventType "swiss"]
[EventRounds "7"]
[EventCountry "GER"]
[SourceTitle "EXT 2021"]
[Source "ChessBase"]
[SourceDate "2020.10.23"]
[SourceVersion "1"]
[SourceVersionDate "2020.10.23"]
[SourceQuality "1"]

1. e4 c5 2. c3 Nc6 3. d4 cxd4 4. cxd4 d5 5. e5 Bf5 6. a3 e6 7. Nc3 f6 8. exf6 Nxf6 9. Nf3 Bd6 10. Nb5 0-0 11. Nxd6 Qxd6 12. Be2 e5 13. dxe5 Nxe5 14. 0-0 Nxf3+ 15. Bxf3 Be4 16. Be2 Rac8 17. Bd2 Bc2 18. Qe1 Rfe8 19. Bb4 Qf4 1/2-1/2

[Event "Hannover-ch op"]
[Site "Hannover"]
[Date "2003.10.23"]
[Round "2"]
[White "Makoui, Mazeyar"]
[Black "Loessing, Thorsten"]
[Result "1-0"]
[WhiteElo "1629"]
[BlackElo "1273"]
[PlyCount "75"]
[EventDate "2003.10.23"]
[EventType "swiss"]
[EventRounds "7"]
[EventCountry "GER"]
[SourceTitle "EXT 2021"]
[Source "ChessBase"]
[SourceDate "2020.10.23"]
[SourceVersion "1"]
[SourceVersionDate "2020.10.23"]
[SourceQuality "1"]

1. Nf3 d5 2. d4 c5 3. c4 dxc4 4. e3 cxd4 5. Qxd4 Qxd4 6. Nxd4 e5 7. Nb5 Na6 8. Bxc4 Bd7 9. 0-0 Nf6 10. N1c3 Be7 11. Rd1 0-0 12. Nd6 Nc5 13. b3 Bc6 14. Ba3 Bxd6 15. Rxd6 Nfe4 16. Nxe4 Nxe4 17. Rxc6 bxc6 18. Bxf8 Kxf8 19. Rd1 Ke7 20. f3 Nc3 21. Rd2 f5 22. Rc2 Nd1 23. Ba6 Nxe3 24. Rxc6 Rd8 25. Rc7+ Rd7 26. Rxd7+ Kxd7 27. Kf2 f4 28. Bd3 g6 29. g3 a5 30. g4 Nd1+ 31. Kg2 Ke7 32. h4 Kf7 33. a3 Nc3 34. b4 axb4 35. axb4 Na4 36. b5 h5 37. g5 Ke7 38. Bxg6 1-0